Sosyaldemokrat Halkçı Parti genel başkanı Erdal İnönü'nün ikinci olağan kurultayı açış konuşması (Record no. 8678)

MARC details
000 -BAŞLIK
Sabit Uzunlukta Kontrol Alanı 01243na a2200325 4500
001 - KONTROL NUMARASI
Denetim Alanı 22029
003 - KONTROL NUMARASI IDENTIFIER
Denetim Alanı MIRAKIL
005 - SON İŞLEM TARİHİ VE ZAMANI
Denetim Alanı 20181213155220.0
008 - SABİT-BOY VERİ ELEMANLARI - GENEL BİLGİLER
Sabit Uzunlukta Kontrol Alanı 170210b tu 000 0
040 ## - KATALOGLAMA KAYNAK
Orijinal Kataloglama Ajansı Milas
Kataloglama Dili tur
Metne Dönüştürmek Ajansı TR-AnCHP
041 ## - DİL KODU
Metin / Ses Parça Veya Ayrı Başlığın Dil Kodu tur
090 ## - SINIFLAMA NUMARASI
Sınıflama Numarası SHP 2
100 ## - ANA GİRİŞ - KİŞİSEL İSİM
Kişisel Ad İnönü, Erdal
Bir Adıyla İlişkilendirilen Başlıklar Ve Kelimeler Genel Başkanı ve Başbakan yardımcısı
222 ## - ANAHTAR ADI
Anahtar Başlık Erdal İnönü'nün konuşmaları
245 ## - BAŞLIK TABLOSU
Başlık Sosyaldemokrat Halkçı Parti genel başkanı Erdal İnönü'nün ikinci olağan kurultayı açış konuşması
Sorumluluk Tablosu, Vb [Erdal İnönü]
246 ## - UNVAN FORM VARYING
Başlık Doğru / Kısa Başlığı 2. olağan kurultayı açış konuşması
260 ## - YAYIN, DAĞITIM, VB
Yayın, Dağıtım, Vb Yeri [Ankara]
Yayıncı, Dağıtıcı, Vs Adı SHP
Yayın, Dağıtım, Vb Tarihi 25 Haziran 1988
300 ## - FİZİKSEL TANIM
Kapsam 49 s.
Boyutlar 28 sm.
440 ## - SERİSİ TABLOSU / KATMA GİRİŞİ - BAŞLIK
Başlık SHP yayınları
Bir İşin Parçası / Bölümün İsmi Söylev ve demeçler
600 ## - KONU KATMA GİRİŞ - KURUMSAL ADI
Kişisel Ad İnönü, Erdal
Genel Alt Bölümü Söylev ve demeçler
600 ## - KONU KATMA GİRİŞ - KURUMSAL ADI
Kişisel Ad İnönü, Erdal
Başlıklar Ve Bir Adla İlişkili Diğer Kelimeler Genel Başkanı ve Başbakan yardımcısı
Genel Alt Bölümü Konuşmalar, 1988
610 ## - KONU KATMA GİRİŞ - TOPLANTI ADI
Giriş Elemanı Olarak Kurumsal Ad Veya Yargı Alanı Adı SHP
Genel Alt Bölüm Söylev ve demeçler
650 ## - KONU KATMA GİRİŞ - TOPİKAL DÖNEM
Topikal Süreli Veya Coğrafi Ad Giriş Elemanı SHP Genel başkanları
Genel Alt Bölümü İnönü, Erdal
Kronolojik Alt Bölümü Konuşmalar, 1988
-- Kurultaylar, 1988
710 ## - KATMA GİRİŞ - KURUMSAL ADI
Giriş Elemanı Olarak Kurumsal Ad Veya Yargı Alanı Adı SHP
740 ## - KATMA GİRİŞ - KONTROLSUZ İLGİLİ / ANALİTİK BAŞLIK
Kontrol Edilmeyen / İlgili Analitik Başlıktaki SHP Genel başkanı ve Başbakan yardımcısı Erdal İnönü'nün konuşmaları
830 ## - SERİSİ EKLENDİ GİRİŞ - ÜNİFORM ADI
Üniforma Başlık SHP yayınları
942 ## - EKLENDİ GİRİŞ ELEMANLARI (KOHA)
Sınıflandırma Veya Raf Düzeni Kaynak
Koha Öğesi Türü Books
999 ## - SİSTEM KONTROL NUMARALARI (KOHA)
Koha Biblionumber 8678
Koha Biblioitemnumber 8678
657 ## - INDEX SÜRE - İŞLEVİ
-- Erdal İnönünün konuşmaları
Holdings
Kullanım Kısıtlamaları Kalıcı Konum Mevcut Konum Edinme Tarihi Edinim Kaynak Kodlu Konum Eleme Toplam Check-Out'Lar Tam Çağrı Numarası Barkod Tarih Son Görülme İtibaren Geçerli Fiyatlar Koha Öğesi Türü
Kütüphane dışına çıkarılamaz CHP Kütüphanesi CHP Kütüphanesi 02/10/2017 Bağış SHP   SHP 2 014092 02/10/2017 02/10/2017 Books